000 00547nam a2200205Ia 4500
003 GCL
008 140319s9999 xx 000 0 aFre d
020 _a3822892750
040 _aGCL /
_cGCL
082 0 4 _a759
_bB G
100 1 _aBENKE, BRITTA
245 1 0 _aGEORGIA O'KEEFFE 1887 - 1986 :
_bFLEURS DU DESERT /
_cBENKE, BRITTA
260 _aالمانيا :
_bBENEDIKT TASCHEN ،
_c1995
300 _a96 P
_bILL. ؛
_c30 cm.
650 0 4 _aARTS
650 0 4 _aPAINTING
650 0 4 _aPAINTERS
650 0 4 _aO'KEEFFE, GEORGIA
942 _2ddc
_cBK
999 _c7673
_d7673